[Event "Warsaw Najdorf Memorial op-A 16th"]
[Site "Warsaw"]
[Date "2018.07.11"]
[Round "4"]
[White "Bartel, Mateusz"]
[Black "Sengupta, Deep"]
[Result "1-0"]
[WhiteElo "2604"]
[BlackElo "2565"]
[Annotator "Bartel,M"]
[PlyCount "77"]
[EventDate "2018.07.08"]
[EventType "swiss"]
[EventRounds "9"]
[EventCountry "POL"]
[SourceTitle "CBM 186"]
[Source "ChessBase"]
[SourceDate "2018.09.14"]
[SourceVersion "1"]
[SourceVersionDate "2018.09.14"]
[SourceQuality "1"]

{The game was played during the 4th round of the Najdorf Memorial. Both
players had scored 3/3 so far and were ready for a merciless battle.} 1. e4 e5
2. Nf3 Nc6 3. Bb5 a6 4. Ba4 Nf6 5. O-O b5 6. Bb3 Bc5 {As my opponent has a
wide repertoire, it was almost impossible to guess which line may appear at
the board. Starting from this moment I was on my own. Of course, I knew some
positions and ideas, but I didn't go over them before the round.} 7. d3 d6 8.
c3 O-O 9. Bg5 {A very common idea these days. When Black has already played
d7-d6 (there is no Bc5-e7 idea) this move usually leads to very sharp
positions.} h6 10. Bh4 g5 11. Bg3 {The same position, but with Black's pawns
on a7-b7 instead of a6-b5 and the white bishop at c4, can be reached from the
Italian. The difference is significant, as now the d5-square can play a key
role, as there are hanging pieces on the h1-a8 diagonal.} Bb6 {Typical,
prophylactic move.} 12. Nbd2 ({Pretty natural. It was also possible to play
something like} 12. a4 b4 13. Nbd2 {, but I wasn't sure if that's useful for
White or not.}) 12... Bg4 ({There is nothing wrong with the move in the game,
but it seems it's not so easy to play the game with the bishop a bit out of
the play. There were multiple, more natural, options for Black, for example} 
12... Na5 13. Bc2 c5 14. Re1 Be6) ({or even} 12... Bd7 13. Re1 Ne7 14. d4 Ng6 {
since the e5-pawn isn't hanging:} 15. dxe5 dxe5 16. Nxe5 Nxe5 17. Bxe5 Bxf2+
18. Kxf2 Ng4+ 19. Kg1 Nxe5 {and Black should be fine.}) 13. h3 Bh5 14. Re1 {
Nothing new under the sun so far. White is playing normal moves. I have a
feeling, however, that this is the kind of position which looks good for Black
on your computer, but when it comes to playing it, it's much tougher.} Bg6 $6 {
A questionable choice and the beginning of the wrong plan.} ({There were
numerous options here, but} 14... Ne7 {looks like the wisest choice - the
knight is no longer hanging and even the idea of Ne7-g6-f4 is not that stupid.}
) 15. Nf1 Nh5 $6 {The continuation of Black's plan.} (15... Qd7 16. Ne3 Rad8 {
was, I think, better and far simpler, with dynamic equality.}) 16. d4 $5 {
Following the old rule - attack in the centre when your opponent is playing on
the flank.} ({There was an option of immediate pressure with} 16. Bd5 Qd7 17.
h4 {, but it even didn't cross my mind at this moment.}) 16... Qe8 ({The
problem is that after} 16... exd4 17. Bd5 $1 Qd7 18. Nxd4 Nxd4 19. Bxa8 Ne6 20.
Bd5 {Black is worse}) 17. Bd5 $2 ({It looks like the most natural move, but
it's a mistake! There is not so much to gain by placing the bishop on d5,
while it would be great to place the knight on e3. So that it's clear that the
best was} 17. Bh2 $1 Nf6 (17... Rd8 $2 18. Ne3 $16) (17... exd4 18. cxd4 {
White is dominating the centre.}) 18. Ne3 $5 exd4 19. cxd4 Bxe4 20. Nf5 Bxf5
21. Rxe8 Raxe8 22. h4 $1 $14) 17... Rd8 ({It was possible to sacrifice an
exchange with} 17... exd4 18. Nxd4 Nxd4 19. Bxa8 Qxa8 20. cxd4 {, but
compensation, let's say after} Qa7 21. Qd2 Bxd4 22. Rad1 Bb6 23. h4 {is
questionable.}) 18. h4 $5 {This move is very tempting and sharp. There were
other moves like, eg. 18.a4, but I think the move from the game is the most
logical.} exd4 ({The alternative was} 18... g4 19. N3h2 exd4 20. Nxg4 dxc3 21.
bxc3 {, but it looks very dangerous for Black}) 19. hxg5 ({I didn't really
consider} 19. cxd4 {as I felt that after} g4 20. N3h2 Nxd4 21. Nxg4 c6 {
Black should be fine}) 19... dxc3 $1 {This move came as a surprise ( which is
strange, as it's pretty natural). I was sure that my position should be close
to winning, but ther reality is totally different - the position is just very
unclear.} (19... Nxg3 {was worse:} 20. Nxg3 dxc3 21. Nf5 {looks quite
promising for White.}) 20. Bh4 $2 {Objectively, a mistake. In the game between
humans it's, however, kind of an interesting move.} ({It was an option to go
for} 20. bxc3 {, but after} Nxg3 21. Nxg3 Ne5 22. gxh6 (22. Nxe5 Qxe5) 22...
Qe7 $1 23. Nxe5 Qxe5 24. Qg4 Kh7 {the black king is very safe, while the
counter-chances on the g-file are getting more and more dangerous. Objectively,
the position is balanced, but I think it's easier to make a mistake playing
White.}) 20... cxb2 ({Also possible was} 20... hxg5 $5 {, but here it's just a
complicated position after, let's say} 21. Bxg5 cxb2 22. Rb1 Ne5 $5 ({Another
possibility is} 22... Ne7 23. Rxb2 Nxd5 $1 24. exd5 Qd7 25. Bxd8 Qxd8 $13) 23.
Rxb2 Nxf3+ (23... Kg7 $5 24. Bxd8 Qxd8 25. Nxe5 dxe5 $44) 24. Qxf3 Qe5 25. Bxd8
Qxb2 26. Bh4 {with a complicated, unstandard position.}) 21. Rb1 Nb4 $2 {
Soon after my risky decision, Black blunders.} (21... Ne5 $1 {During the game
I was afraid of} 22. gxh6 (22. Rxb2 $2 c6 23. Bb3 Nxf3+ 24. Qxf3 Qe5 $19) 22...
c6 ({Even stronger is the slightly unhuman,} 22... Kh7 $1 {as taking the rook
is not really an option, and after} 23. Ng5+ Kh8 24. Rxb2 Nf4 {the black
pieces are far more active and Black is almost winning!}) 23. Bb3 c5) 22. gxh6
Nf4 $5 ({It was hard to find a better move, so the text move is interesting.
Also after} 22... Nxd5 23. exd5 Qd7 24. Bxd8 Qxd8 25. Rxb2 {Black was in
trouble.}) 23. Qd2 $2 {When I realised that the g7-square isn't covered, I
immediately decided that manoeuvre Qd1-d2-c3 must be played. It was better,
however, to calm down and look for other options.} ({I didn't even consider
the winning move. After} 23. Ne3 $1 {the last piece is entering into the main
theatre of the battle and Black is on the verge of losing.} Qd7 (23... Bxe3 24.
Rxe3 c5 (24... Nbxd5 25. exd5 Qd7 26. Qd4 f6 27. Rxb2 $18) 25. Qd2 $5 $18) 24.
Bxd8 Qxd8 25. Qb3 $16) 23... Nbd3 24. Qc3 Ne5 {Black has managed to put pieces
on very active squares and - at the same time - defend against mate. It's not
too surprising that all three results are very possible now.} 25. N1h2 $2 ({
I only checked} 25. Bxd8 $2 {which is bad, as after} Qxd8 26. Rxb2 Qf6 $1 27.
Nxe5 dxe5 {Black is just better, with serious pressure and easy play.}) ({
Again, I didn't even spot the strongest move, which was} 25. Bf6 $1 {which
would lead to some insane complications after} c6 26. Bb3 Nfd3 27. Re2 Nxf3+
28. gxf3 Nf4 29. Rexb2 Nh5 $13) 25... b4 $2 {Black, again, is returning the
favour. Now White is on top until the end of the game.} ({Both players saw the
best} 25... Nxd5 $1 26. exd5 f6 $1 27. Rxb2 Qf7 28. Nxe5 dxe5 29. Ng4 {but,
luckily for me, Sengupta didn't evaluate this properly. Here, after} Rd6 {
Black's position is consolidated and almost winning - material is equal, but
White's structure is very poor and that's decisive.}) 26. Qxb2 Nfd3 $2 ({
It was still possible to create some problems for White with} 26... Nxd5 $1 27.
Bxd8 (27. exd5 $2 f6 $1 $13) 27... Nc3 28. Bf6 Qe6 29. Bxe5 dxe5 30. Rbc1 $16 {
where White is much better, but the pair of bishops gives some hopes.}) 27. Qd2
Nxe1 $2 {White didn't want to take an exchange, because at many moments it
looked like a mistake. Luckily, my opponent was more greedy and because of it
he lost this game. Black, because of lost coordination, now has a hopeless
position, but with this move it's just very easy, as Black's king is
undefended.} (27... Kh7 $1 28. Nxe5 Nxe5 29. Kh1 $1 f6 30. f4 $18) 28. Rxe1 c6
29. Qf4 {Other moves were winning as well, but it's just best and easiest.} Bd4
{What else?} (29... Nd7 30. Bf6 {with...mate in 9!}) 30. Nxd4 Kh7 31. Nxc6 Nxc6
32. Ng4 (32. Nf3 $18) 32... f5 33. Nf6+ Rxf6 34. Bxf6 {Now White is apawn up
and the attack is still in progress. The rest is easy.} Rc8 35. Qxd6 fxe4 36.
Rc1 e3 37. Bxc6 e2 38. Bxe8 Rxc1+ 39. Kh2 1-0

[Event "YUG-chT"]
[Site "Budva"]
[Date "1996.??.??"]
[Round "4"]
[White "Georgiev, Kiril"]
[Black "Beliavsky, Alexander G"]
[Result "1/2-1/2"]
[WhiteElo "2615"]
[BlackElo "2615"]
[Annotator "Beliavsky,A"]
[PlyCount "138"]
[EventDate "1996.??.??"]
[EventType "team"]
[EventRounds "6"]
[EventCountry "YUG"]
[SourceTitle "CBM 053"]
[Source "ChessBase"]
[SourceDate "1996.08.01"]
[SourceVersion "1"]
[SourceVersionDate "1996.08.01"]
[SourceQuality "1"]

1. e4 e5 2. Nf3 Nc6 3. Bb5 a6 4. Ba4 Nf6 5. O-O b5 6. Bb3 Bb7 7. Re1 Bc5 8. c3
d6 9. d4 Bb6 10. Be3 O-O 11. Nbd2 h6 12. h3 Rb8 $5 {N!/\13 d5 Be3.} (12... Qb8
13. d5 Ne7 14. Bxb6 cxb6 15. Bc2 $36 {63/297}) 13. Bc2 Re8 14. a3 {/\Nf1-g3} (
14. Nf1 exd4 15. cxd4 Nb4) 14... Na7 {/\><e4.} 15. a4 Nc6 16. axb5 axb5 17. Bd3
b4 18. d5 (18. Bb5 bxc3 19. bxc3 exd4 20. Nxd4 (20. cxd4 Nxe4 21. d5 Nc3 22.
Qc1 (22. Qc2 Nxd5 23. Bxb6 Rxe1+ 24. Rxe1 cxb6 25. Bxc6 Nb4 $17) (22. Qb3 Bxe3
23. fxe3 Nxb5 $17 24. dxc6 Bxc6) 22... Nxb5 23. dxc6 Bc8 24. Nc4 Bxe3 25. Nxe3
Be6 26. Rb1 Qf6 $17) 20... Bxd4 21. cxd4 Nxe4 22. d5 Nc3 23. Qc1 (23. Qc2 Nxd5
24. Bxc6 Nb4 $17) (23. Qb3 Nxb5 24. Qxb5 Ba8 $17 (24... Ne7 25. Ba7 $18)) 23...
Nxb5 24. dxc6 Bc8 25. Ra5 Qf6 26. Ba7 Rxe1+ 27. Qxe1 Nxa7 28. Qe8+ Kh7 29. Rxa7
Qd4 30. Qe4+ (30. Rxc7 Qxd2 31. Qxf7 Qe1+ 32. Kh2 Qe5+ 33. f4 Qd4) 30... Qxe4
31. Nxe4 Bf5 32. Ng3 Be6 33. Rxc7 Rb1+ 34. Kh2 Rc1 35. Ne4 (35. Ne2 Rc4 $17)
35... d5) 18... bxc3 19. bxc3 (19. Nc4 cxb2 20. Rb1 Nb4 21. Nxb6 Nxd3 22. Qxd3
cxb6 23. Rxb2 Bc8 24. Reb1 b5) 19... Bxe3 20. Rxe3 Ne7 21. c4 c6 22. Bf1 Qc7
23. Ne1 Ra8 24. Rb1 $6 (24. Rea3 Rxa3 25. Rxa3 Rb8 $10) 24... Ra7 25. Reb3 Rea8
26. Nd3 Bc8 27. Nb4 Bd7 28. R3b2 Ra4 29. Bd3 Qa7 30. Nc2 Bc8 31. Nb4 Qc5 32.
Bc2 Ra3 33. Qe1 Nh5 34. Nb3 Qb6 (34... Qxc4 $2 35. Bd3 $18) 35. dxc6 Nxc6 36.
Nd5 Qd8 37. Bd1 Nf4 38. Rd2 Ne6 39. Bg4 Rb8 40. Rdb2 Qg5 $6 41. Qd1 Ra7 42. Nd2
Rxb2 43. Rxb2 Qd8 44. Rb6 Bd7 45. Nf3 $6 (45. Nf1 $32) 45... Be8 46. Rb2 Nc5
47. Nc3 Ra3 48. Nb5 Rd3 49. Qb1 (49. Rd2 Nb4 (49... Rxd2 50. Qxd2 (50. Nxd2 Nd4
51. Nxd4 exd4 $17) 50... Nxe4 51. Qd5 Nf6 52. Qxd6 Nxg4 53. hxg4 Qxd6 54. Nxd6
Bd7 55. g5 h5 $15) 50. Rxd3 Nbxd3 51. Ne1 Nxe1 52. Qxe1 Qb6 53. Qb1 Kf8 $17)
49... Na5 50. Ne1 Rb3 51. Rxb3 Naxb3 52. Nf3 Kf8 $1 $17 53. Qd1 Ke7 54. Nh4 $6
(54. Ne1 Bc6 55. Bf3) 54... g6 55. Nc3 Kf8 $6 (55... Bc6 56. Be2 Qa5 57. Nd5+
Bxd5 58. cxd5 Qc3 $19 {><e4}) 56. g3 Nd4 57. Nf3 $1 Ncb3 (57... h5 58. Nxd4
exd4 59. Qxd4 hxg4 60. Qh8+ Ke7 61. Nd5+ Ke6 62. hxg4 Nxe4 63. f3 Nc5 64. g5
Qb8 65. Qh3+ Ke5 66. Qh8+ $10) 58. Nxd4 Nxd4 59. h4 h5 60. Be2 Qa5 $6 (60...
Qa8 61. Bd3 Bc6 $36) 61. Nb5 Qb6 62. Nxd4 exd4 63. Qa1 $1 $10 Bd7 64. Bd3 Ke7
65. Kg2 Be6 66. f3 Qb4 67. Qxd4 Qd2+ 68. Kg1 Qd1+ 69. Kf2 Qd2+ 1/2-1/2

[Event "Graz op"]
[Site "Graz"]
[Date "1996.??.??"]
[Round "?"]
[White "Murey, Jacob"]
[Black "Beliavsky, Alexander G"]
[Result "1/2-1/2"]
[WhiteElo "2495"]
[BlackElo "2620"]
[Annotator "Beliavsky,A"]
[PlyCount "141"]
[EventDate "1996.06.??"]
[EventType "swiss"]
[EventRounds "9"]
[EventCountry "AUT"]
[SourceTitle "CBM 058"]
[Source "ChessBase"]
[SourceDate "1997.06.01"]
[SourceVersion "1"]
[SourceVersionDate "1997.06.01"]
[SourceQuality "1"]

1. e4 e5 2. Nf3 Nc6 3. Bb5 a6 4. Ba4 Nf6 5. O-O b5 6. Bb3 Bb7 7. d3 Bc5 8. Be3
$5 (8. Bg5 Be7 $1 $11) 8... d6 9. Nc3 Bxe3 (9... O-O 10. Bg5 $14) 10. fxe3 Na5
(10... O-O 11. a3 Ne7 12. Qe1 $14) 11. Bd5 O-O (11... c6 12. Bxf7+ Kxf7 13. b4
Rf8 14. Ng5+ $16) 12. Bxb7 (12. b4 Nc6 13. a4 $5 Nxd5 14. Nxd5 Ne7 $13) 12...
Nxb7 13. Qe1 Nc5 14. Nh4 c6 (14... g6 $5) 15. Nf5 g6 16. Qg3 Ra7 (16... b4 $1
$15) 17. b4 $1 Nh5 18. Qf3 Ne6 19. a4 Rc7 (19... gxf5 20. exf5 Neg7 21. f6 $16)
20. axb5 axb5 21. g3 f6 22. Qg4 $6 (22. Ra6 $1) 22... Qd7 23. Nh4 Nhg7 24. Ra3
$6 Ra7 25. Rb3 (25. Rxa7 Qxa7 26. Qe2 Qa3 $17) 25... d5 26. exd5 cxd5 27. Qf3
d4 (27... Nc7 $17) 28. Nd5 f5 29. e4 Qd8 (29... Qd6 $1) 30. Qe2 Raf7 31. Rbb1
Ng5 32. Nf3 Nxf3+ 33. Qxf3 Ne6 34. h4 {[#]} f4 (34... Qd6) 35. Qg4 Nc7 36. gxf4
(36. Nxc7 Qxc7 $17) 36... Nxd5 37. exd5 exf4 38. Rbe1 Qxd5 39. Re4 $17 Qd6 (
39... f3 40. Rxd4 Qe5 $17) 40. Qe6 Qxe6 (40... Qxb4 41. Rfxf4 Qb1+ 42. Re1
Qxe1+ 43. Qxe1 Rxf4 44. Qe6+ Kg7 45. Qe5+ R8f6 $17) 41. Rxe6 f3 42. Kf2 Rf4 43.
Kg3 f2 44. Re4 Rxe4 45. dxe4 Kg7 46. e5 Rf5 (46... h6 47. Rxf2 Rxf2 48. Kxf2
Kf7 49. Kf3 Ke6 50. Ke4 g5 51. hxg5 (51. h5 g4 52. Kxd4 g3 53. Ke3 Kxe5 54. Kf3
Kd4 55. Kxg3 Kc3 56. Kf4 Kxb4 57. Kf5 Kc3 58. Kg6 Kxc2 59. Kxh6 $11) 51... hxg5
52. Kxd4 g4 53. Ke4 g3 54. Kf3 Kxe5 55. Kxg3 Kd4 56. Kf4 Kc3 57. Ke4 Kxc2 58.
Kd4 Kb3 59. Kc5 Ka4 $19) 47. Rxf2 Rxe5 (47... Rxf2 48. Kxf2 Kf7 49. Kf3 Ke6 50.
Ke4 h6 51. Kxd4 g5 52. hxg5 hxg5 53. c4 $11) 48. Rf4 Re3+ (48... Rd5 $5 49. Re4
Kf6 50. Kf4 d3 51. cxd3 Rxd3 $19) 49. Kf2 Rc3 50. Rxd4 Rxc2+ 51. Kg3 Rc3+ 52.
Kf4 h5 53. Rd7+ Kh6 (53... Kf6 $1 54. Rd6+ Kf7 55. Kg5 Rg3+ 56. Kh6 Rg4 57. Rb6
Rxb4 58. Rxg6 Rxh4 59. Rb6 b4 60. Kg5 Rc4 61. Kxh5 Ke7 62. Kg5 Kd7 63. Kf5 Kc7
$19) 54. Rd4 Rh3 55. Ke5 Rg3 56. Rd5 Rg4 57. Rxb5 Rxh4 58. Rb8 $1 $11 Kg5 59.
Kd5 Rh1 60. b5 Rb1 61. b6 h4 62. b7 h3 63. Kc6 Kg4 64. Rh8 g5 65. b8=Q Rxb8 66.
Rxb8 h2 67. Rh8 Kg3 68. Kd5 g4 69. Ke4 Kg2 70. Kf4 g3 71. Kg4 1/2-1/2

[Event "YUG-chT"]
[Site "Vrnjacka Banja"]
[Date "1998.??.??"]
[Round "4"]
[White "Almasi, Zoltan"]
[Black "Beliavsky, Alexander G"]
[Result "0-1"]
[WhiteElo "2650"]
[BlackElo "2645"]
[Annotator "Beliavsky,A"]
[PlyCount "114"]
[EventDate "1998.08.??"]
[EventType "team"]
[EventRounds "11"]
[EventCountry "YUG"]
[SourceTitle "CBM 067"]
[Source "ChessBase"]
[SourceDate "1998.11.30"]
[SourceVersion "2"]
[SourceVersionDate "1998.11.01"]
[SourceQuality "1"]

1. e4 e5 2. Nf3 Nc6 3. Bb5 a6 4. Ba4 Nf6 5. O-O b5 6. Bb3 Bb7 7. c3 Nxe4 8. d4
Na5 9. Bc2 exd4 10. Nxd4 c5 11. Nf5 d5 {N!? Mikhalchishin} 12. f3 Ng5 13. Bxg5
Qxg5 14. Re1+ Kd7 15. Nd2 g6 16. f4 (16. Ne3 Bd6 $17) 16... Qxf4 (16... Qf6 $5
17. Ne3 Qxf4 18. Ne4 Rd8 (18... Qe5 $5 19. Nxd5 Bxd5 20. Nf6+ Qxf6 21. Qxd5+
Bd6 22. Rf1 Qe5 23. Rxf7+ Ke8 24. Qxe5+ Bxe5 25. Raf1 Nc4 26. Be4 Rc8 27. Bb7
Rc7 $19) 19. Nxd5 Bxd5 20. Qxd5+ Kc7 21. Qg5 Qxg5 22. Nxg5 Rd2 23. Nxf7 Rg8 24.
Rac1 Nc4 $36) 17. Rf1 Qc7 18. Ne3 f5 19. Bxf5+ $1 (19. Nf3 Rd8 20. Nxd5 Qd6 $17
) 19... gxf5 20. Rxf5 Kc8 21. Nxd5 Bxd5 22. Rxd5 Ra7 23. Nf3 $6 (23. a4 $142
$44 Be7 24. axb5 axb5 25. Qg4+ Kb8 26. Qe2 Rd8 (26... Rb7 27. Rxa5 Qxa5 28.
Qe5+ Ka7 29. Qxh8 Qa1+ 30. Nf1 Qxb2 31. Rd2 $13) 27. Qxb5+ Rb7 28. Rxd8+ Bxd8
29. Qa4 Rxb2 $2 30. Nc4 Rxg2+ 31. Kxg2 Qg7+ 32. Kh1 Qb7+ $11) 23... Nc4 24. Qe1
Qe7 25. Qg3 Rd7 26. Re1 Rxd5 $19 27. Rxe7 Bxe7 28. Qg7 Re8 29. Qf7 Rd1+ 30. Kf2
Nd6 31. Qxh7 Bd8 32. g3 Bc7 33. Qh5 Rd3 34. Kg2 (34. Qxc5 Rf8 $19) 34... c4 $2
(34... Ree3 35. Ne5 Rd5 36. Qh8+ Kb7 37. Ng4 Rd2+ 38. Kh3 Ree2 $19) 35. Nd4 b4
36. Qd5 Re2+ (36... bxc3 37. bxc3 Rxc3 38. Qa8+ Kd7 39. Qc6+ Kd8 40. Qa8+ Ke7
41. Qc6 Bb8 42. Qb6 $132) 37. Kh3 Rxd4 38. Qxd4 Rxb2 39. cxb4 Rxa2 40. Qd5 Kb8
41. Qc6 Rb2 42. Qc5 Rc2 43. Qc6 Rd2 44. Qxa6 (44. g4 Ne4 45. g5 Nxg5+ 46. Kh4
Nf7 47. Qe8+ (47. Qxc4 Rxh2+ 48. Kg4 Ne5+ $19) 47... Nd8 $19) 44... c3 45. Qc6
c2 46. Qc3 Re2 47. Qc6 Nc8 48. Qb5+ Bb6 49. Qc6 Be3 50. Qb5+ Nb6 $19 {0:1(} 51.
Qe5+ Ka7 52. Qa1+ Kb7 53. Qg7+ Ka6 54. Qa1+ Kb5 55. Qa5+ Kc4 56. Qa6+ Kxb4 57.
Qxe2 c1=Q $19 {)} 0-1

[Event "ESP-chT Honor Gp2"]
[Site "Montcada"]
[Date "2009.09.18"]
[Round "3"]
[White "Ganguly, Surya Shekhar"]
[Black "Shirov, Alexei"]
[Result "0-1"]
[WhiteElo "2634"]
[BlackElo "2730"]
[Annotator "CB"]
[PlyCount "108"]
[EventDate "2009.09.16"]
[EventType "team-tourn"]
[EventRounds "5"]
[EventCountry "ESP"]
[SourceTitle "CBM 133"]
[Source "ChessBase"]
[SourceDate "2009.11.19"]
[SourceVersion "1"]
[SourceVersionDate "2009.11.19"]
[SourceQuality "1"]

1. e4 e5 2. Nf3 Nc6 3. Bb5 a6 4. Ba4 Nf6 5. O-O b5 6. Bb3 Bc5 7. a4 Rb8 8. c3
d6 9. d4 Bb6 10. a5 Ba7 11. h3 O-O 12. Be3 Ra8 13. Nbd2 Bb7 14. Bc2 $146 (14.
Re1 h6 15. dxe5 Nxe5 16. Bxa7 Rxa7 17. Nxe5 dxe5 18. Qe2 Qe7 19. Bc2 Raa8 20.
Nf1 Rad8 21. Ne3 g6 22. Qf3 Rd6 23. Rad1 Rfd8 24. Kf1 Rxd1 25. Rxd1 Rxd1+ 26.
Qxd1 Kg7 27. Qf3 {1/2-1/2 Hossain,E (2485)-Islam,K (2371)/Dhaka 2007/CBM 120
ext}) 14... exd4 15. cxd4 Re8 16. Bb1 Ne7 17. e5 Nfd5 18. Bxh7+ (18. Ng5 g6 19.
Qf3 Rf8 20. Ba2 h6 21. Nge4) 18... Kxh7 19. Ng5+ Kg8 (19... Kg6 20. Qc2+ f5 (
20... Nf5 21. Ndf3 f6 $2 (21... Rh8) 22. Qxf5+ Kxf5 23. Nh4#) 21. exf6+ Nf5 22.
g4 Qxf6 23. Nde4 Rxe4 24. Qxe4 $13) 20. Qh5 Ng6 21. e6 (21. Qh7+ $2 Kf8 22.
Nxf7 Kxf7 23. Bh6 Re6 (23... Rg8 24. e6+ Kf8 25. Qxg6 Qf6 26. e7+ Qxe7 27. Bg5
Qf7 $19)) 21... Rxe6 22. Qh7+ Kf8 23. Nxe6+ fxe6 24. Qxg6 $16 Qf6 25. Qg3 Kg8
26. Nf3 Rf8 27. Rac1 Qf5 28. Rfe1 Rf7 29. Nh4 Qh5 30. Nf3 (30. Qg4 $5) 30... e5
31. dxe5 $6 (31. Qg5 $5 Qxg5 32. Nxg5 Re7 33. dxe5 Nxe3 34. exd6 cxd6 35. fxe3
Bc5 (35... Rxe3 36. Kf1 Bc5 37. b4 $18) 36. Kf2 Bb4 37. Red1 Rd7 38. Ne4 $18)
31... Nxe3 32. e6 Rf6 (32... Re7 33. fxe3 Rxe6 34. Ng5 (34. Rxc7 Rg6 35. Qxg6 (
35. Qf4 $2 Bxf3 36. Rxa7 Rxg2+ 37. Kf1 Qxh3 $19) 35... Qxg6 36. Rxb7 Bc5 37.
Re7 Qf6 38. Re8+ Kf7 39. Ra8 Qxb2 $11) 34... Re7 (34... Rg6 35. h4 $18) 35. Rc3
Bc5 36. Qf4 $13) 33. e7 Qe8 34. fxe3 $2 (34. Rxc7 $1 Nxg2 (34... Bxf3 35. gxf3
Rg6 36. Rxa7 Rxg3+ 37. fxg3 Nc4 38. Ra8 Qxa8 39. e8=Q+ Qxe8 40. Rxe8+ Kf7 41.
Ra8 $19) 35. Kxg2 Rxf3 36. Rxb7 Rxg3+ 37. Kxg3 Bd4 38. Rb8 Kf7 (38... Qxb8 39.
e8=Q+ Qxe8 40. Rxe8+ Kf7 41. Ra8 $19) 39. Rxe8 Kxe8 40. Re2 Bc5 41. Kf4 Bb4 42.
Kf5 $18) 34... Bxf3 35. Rxc7 (35. gxf3 Rg6 $19) 35... Bb8 36. Rc2 Be4 37. Rf2
Rxf2 38. Qxf2 Qxe7 $19 39. Qf4 Ba7 40. Kh1 Bc5 41. Qg4 d5 42. Qh5 Qf7 43. Qxf7+
Kxf7 44. Kg1 Ke6 45. Kf2 d4 46. exd4 Bxd4+ 47. Kg3 Kd5 48. Re2 Bd3 49. Rd2 Ke4
50. b3 b4 51. Kh4 g5+ 52. Kh5 Ke3 53. Ra2 Bb1 54. Ra4 Bc3 0-1

[Event "Tashkent FIDE GP"]
[Site "Tashkent"]
[Date "2014.10.22"]
[Round "2"]
[White "Andreikin, Dmitry"]
[Black "Nakamura, Hikaru"]
[Result "1/2-1/2"]
[WhiteElo "2722"]
[BlackElo "2764"]
[Annotator "CB"]
[PlyCount "47"]
[EventDate "2014.10.21"]
[EventType "tourn"]
[EventRounds "11"]
[EventCountry "UZB"]
[EventCategory "21"]
[SourceTitle "CBM 163"]
[Source "ChessBase"]
[SourceDate "2014.11.11"]
[SourceVersion "1"]
[SourceVersionDate "2014.11.11"]
[SourceQuality "1"]

1. e4 e5 2. Nf3 Nc6 3. Bb5 a6 4. Ba4 Nf6 5. O-O b5 6. Bb3 Bc5 7. a4 Rb8 8. axb5
axb5 9. Nxe5 Nxe5 10. d4 Bxd4 11. Qxd4 d6 12. f4 Nc6 13. Qc3 Ne7 14. Ra7 (14.
Nd2 O-O 15. e5 Nfd5 {Polgar-Nakamura, 2012}) 14... c5 15. e5 Nfd5 16. Bxd5 Nxd5
17. Qf3 Qb6 18. Rxf7 Kxf7 {Surprisingly this is the novelty of the game, but
it doesn't change anything. It actually is almost the same as Anand-Shirov
from 1997.} (18... c4+ 19. Kh1 Kxf7 20. Qxd5+ Be6 21. Qd1 Bf5 {is the old game
between Anand and Shirov that was drawn.}) 19. Qxd5+ Be6 20. Qd1 Bf5 21. Qd5+
Be6 22. Qd1 Bf5 23. Qd5+ Be6 24. Qd1 1/2-1/2